Analýza svetového trhu surových fosfátov, síry a močoviny záverečná práca postgraduálneho štúdia
Enregistré dans:
| Auteur principal: | |
|---|---|
| Collectivité auteur: | |
| Autres auteurs: | |
| Format: | Livre |
| Langue: | slovaque |
| Publié: |
Bratislava
1989
|
| Tags: |
Pas de tags, Soyez le premier à ajouter un tag!
|
MARC
| LEADER | 00000nam a2200000 4500 | ||
|---|---|---|---|
| 001 | c026991 | ||
| 005 | 20230116091310.6 | ||
| 041 | 0 | |a slo | |
| 044 | |a SK | ||
| 245 | 1 | 0 | |a Analýza svetového trhu surových fosfátov, síry a močoviny |b záverečná práca postgraduálneho štúdia |c Zdenka Horňáková ; Ved. práce Eduard Urban |
| 264 | 1 | |a Bratislava |c 1989 | |
| 300 | |a 47 s. | ||
| 100 | 1 | |a Horňáková, Zdenka | |
| 700 | 1 | |a Urban, Eduard | |
| 710 | 2 | |a Vysoká škola ekonomická v Bratislave | |